| 000 | 01224nam a2200229Ia 4500 | ||
|---|---|---|---|
| 999 |
_c39770 _d39770 |
||
| 001 | 6375 | ||
| 003 | GE_BSU | ||
| 005 | 20191127111432.0 | ||
| 008 | 181216s||||||||ge |||||||||||||| ||geo|| | ||
| 040 | _cGE_BSU | ||
| 041 | _ageo | ||
| 080 | _a821.353.1-11 ჭ-15 | ||
| 100 |
_aჭავჭავაძე, ილია _91252 |
||
| 245 |
_aრჩეული ნაწარმოებები 5 ტომად : _bტ.5. პუბლიცისტური წერილები [ილიას ავტობიოგრაფია] / _c ილია ჭავჭავაძე; ტომი შეადგინეს: სარგის ცაიშვილმა და გურამ გვერდწითელმა. |
||
| 264 |
_aთბილისი : _bსაბჭოთა საქართველო, _c1987. |
||
| 300 |
_a444 გვ. ; _b21 გვ. |
||
| 600 |
_a ჭავჭავაძე, ილია _95584 |
||
| 653 | _aპუბლიცისტური წერილები | ||
| 700 |
_aცაიშვილი, ს. _eშემდგენელი _95572 |
||
| 700 |
_aგვერდწითელი, გ. _eშემდგენელი _93669 |
||
| 942 |
_cBK _2udc |
||